|
|
|
|
| LEADER |
02366nam a2200625 i 4500 |
| 001 |
nkc20193124774 |
| 003 |
CZ PrNK |
| 005 |
20190918083446.0 |
| 007 |
ta |
| 008 |
190828s2019 xr a f 001 0 cze |
| 015 |
|
|
|a cnb003124774
|
| 020 |
|
|
|a 978-80-86572-83-3
|q (brožováno)
|
| 035 |
|
|
|a (OCoLC)1122794855
|
| 040 |
|
|
|a BOA001
|b cze
|e rda
|
| 041 |
0 |
|
|a cze
|b eng
|
| 043 |
|
|
|a ec-----
|
| 045 |
|
|
|a y0y1
|
| 072 |
|
7 |
|a 330.5+338
|x Národní hospodářství a hospodářská politika
|2 Konspekt
|9 4
|
| 080 |
|
|
|a 330.35
|2 MRF
|
| 080 |
|
|
|a 339.137.2
|2 MRF
|
| 080 |
|
|
|a 33:311.141
|2 MRF
|
| 080 |
|
|
|a 330.5+338
|2 MRF
|
| 080 |
|
|
|a 338
|2 MRF
|
| 080 |
|
|
|a (4-191.2)
|2 MRF
|
| 080 |
|
|
|a (048.8)
|2 MRF
|
| 100 |
1 |
|
|a Majerová, Ingrid,
|d 1971-
|7 mzk2005289906
|4 aut
|
| 245 |
1 |
0 |
|a Konkurenceschopnost vybraných ekonomik střední Evropy /
|c Ingrid Majerová
|
| 250 |
|
|
|a Vydání první
|
| 264 |
|
1 |
|a Karviná :
|b Institut vzdělávání Sokrates,
|c 2019
|
| 300 |
|
|
|a 106 stran :
|b ilustrace ;
|c 25 cm
|
| 336 |
|
|
|a text
|b txt
|2 rdacontent
|
| 337 |
|
|
|a bez média
|b n
|2 rdamedia
|
| 338 |
|
|
|a svazek
|b nc
|2 rdacarrier
|
| 500 |
|
|
|a Správné místo vydání: Ostrava
|
| 504 |
|
|
|a Obsahuje bibliografii a rejstřík
|
| 546 |
|
|
|a Anglické resumé
|
| 648 |
|
4 |
|a 2001-2017
|
| 648 |
|
7 |
|a 21. století
|7 ch460559
|2 czenas
|
| 650 |
0 |
7 |
|a ekonomický růst
|7 ph114429
|z Evropa střední
|y 21. století
|2 czenas
|
| 650 |
0 |
7 |
|a konkurenceschopnost
|7 ph121800
|z Evropa střední
|y 21. století
|2 czenas
|
| 650 |
0 |
7 |
|a ekonomické ukazatele
|7 ph171129
|2 czenas
|
| 650 |
0 |
9 |
|a economic development
|z Europe, Central
|y 21st century
|2 eczenas
|
| 650 |
0 |
9 |
|a competitiveness
|z Europe, Central
|y 21st century
|2 eczenas
|
| 650 |
0 |
9 |
|a economic indicators
|2 eczenas
|
| 651 |
|
7 |
|a Evropa střední
|7 ge137882
|x makroekonomický vývoj
|y 21. století
|2 czenas
|
| 651 |
|
7 |
|a Evropa střední
|7 ge137882
|x hospodářské poměry
|y 21. století
|2 czenas
|
| 651 |
|
9 |
|a Europe, Central
|x macroeconomic development
|y 21st century
|2 eczenas
|
| 651 |
|
9 |
|a Europe, Central
|x economic conditions
|y 21st century
|2 eczenas
|
| 655 |
|
7 |
|a monografie
|7 fd132842
|2 czenas
|
| 655 |
|
9 |
|a monographs
|2 eczenas
|
| 910 |
2 |
|
|a BOA001
|b 2-1432.868
|
| 990 |
|
|
|a BK
|
| 995 |
|
|
|a 01
|
| 991 |
|
|
|b 201909
|c NOV
|
| 996 |
6 |
|
|b 2610793211
|c 2-1432.868
|l MZK
|r Sklad / do 1 hodiny
|n 2
|p p.v.
|w 001752083
|u 000010
|a 1
|e BOA001
|j MZK50
|s P
|